Дело о пожертвовании Брегманом собственного дома в городе Гродно в пользу Гродненской еврейской талмуд торы

Доступно только в Электронных читальных залах Найти на картеНа карте
RUSMARC
00003711nmc2a22002413x 450
001be4e5ec2-4bbc-4c9e-a6eb-ca282676f897
00520201103072403.0
100##$a20200318l19111914k l0rusy0189 ca
1010#$arus
102##$aRU
105##$ay###
1222#$ad
2001#$aДело о пожертвовании Брегманом собственного дома в городе Гродно в пользу Гродненской еврейской талмуд торы
$j25 ноября 1911 г. - 19 октября 1914 г.
215##$a13 л.
$d36,5х26 см
251##$cДело
300##$aДело
371##$aДокумент не является опубликованным и широко распространяемым
461#0$1001a74412a3-3cc5-4d21-8f0a-dfe2fbd9e72d
$12001
$aДепартамент народного просвещения Министерства народного просвещения
$1251
$cФонд
$1852
$j733
462#0$1001517877e8-43f4-46e7-ad4b-d876aad86188
$12001
$aДела разряда учительских институтов, семинарий и низших учебных заведений
$1251
$cОпись
$1852
$j178
801#0$aRU
$bРГИА
$c20200318
$gRCR
801#1$aRU
$bГлавНИВЦ
$c20200318
$2rusmarc
801#2$aRU
$bПБ им. Б.Н. Ельцина
$c20201103
$gRCR
$2rusmarc
850##$aРГИА
852##$aРГИА
$eФедеральное казенное учреждение "Российский государственный исторический архив" (РГИА)
$j262
937##$hРГИА
$d12339829
$aASBIBLIO_SCAN
035##$aRusGRCC00002994
856##$uhttp://readingroom.main.prlib.ru/item.aspx?id_node=n150772191&mode=full
Формат отображения